[Event "Oberliga Baden 2223"]
[Site "Germany"]
[Date "2022.10.23"]
[Round "3.8"]
[White "Paul, Mathias"]
[Black "Loechel, Thomas"]
[Result "1-0"]
[WhiteElo "2166"]
[BlackElo "2013"]
[PlyCount "81"]
[EventDate "2022.09.18"]
[EventType "team-tourn"]
[EventRounds "9"]
[EventCountry "GER"]
[SourceTitle "EXT 2024"]
[Source "ChessBase"]
[SourceDate "2023.10.10"]
[SourceVersion "1"]
[SourceVersionDate "2023.10.10"]
[SourceQuality "1"]
[WhiteTeam "Brombach"]
[BlackTeam "Hockenheim"]
[WhiteTeamCountry "GER"]
[BlackTeamCountry "GER"]

1. e4 c5 2. Nf3 d6 3. g3 Nf6 4. d3 g6 5. Bg2 Bg7 6. 0-0 0-0 7. c3 Nc6 8. Nbd2 Rb8 9. a4 a6 10. Re1 e5 11. Nf1 d5 12. exd5 Nxd5 13. Qb3 Nde7 14. Ng5 h6 15. Ne4 Be6 16. Qc2 b6 17. f4 Kh7 18. h4 Qd7 19. a5 f5 20. Nf2 Nxa5 21. fxe5 Nb3 22. Rxa6 Nxc1 23. Qxc1 f4 24. gxf4 Nf5 25. h5 gxh5 26. Qd1 Qb5 27. Ra7 Qxb2 28. Qxh5 Qxc3 29. Rea1 Kg8 30. Qg6 Rbe8 31. Be4 Rf7 32. Bxf5 Qxa1 33. Rxa1 Bxf5 34. Qxb6 Re6 35. Qxc5 Rg6+ 36. Kh2 Bf8 37. Ra8 Kg7 38. Qd4 Be7 39. e6+ Rff6 40. Ng3 Bxe6 41. Nh5+ 1-0

[Event "Oberliga Ost-A 1920"]
[Site "Germany"]
[Date "2020.02.29"]
[Round "8.3"]
[White "Noack, Marcel"]
[Black "Paul, Mathias"]
[Result "1/2-1/2"]
[WhiteElo "2028"]
[BlackElo "2151"]
[PlyCount "72"]
[EventDate "2019.09.29"]
[EventType "team-tourn"]
[EventRounds "11"]
[EventCountry "GER"]
[SourceTitle "EXT 2023"]
[Source "ChessBase"]
[SourceDate "2022.10.05"]
[SourceVersion "1"]
[SourceVersionDate "2022.10.05"]
[SourceQuality "1"]
[WhiteTeam "Magdeburg Aufbau Elbe II"]
[BlackTeam "Plauen Koenig II"]
[WhiteTeamCountry "GER"]
[BlackTeamCountry "GER"]

1. f4 d5 2. Nf3 g6 3. d3 Nf6 4. g3 Bg7 5. Bg2 c5 6. 0-0 0-0 7. Nc3 Nc6 8. e4 d4 9. Ne2 e5 10. f5 gxf5 11. exf5 Re8 12. Ng5 Ne7 13. Bh3 b6 14. Ne4 Ned5 15. g4 Nxe4 16. dxe4 Qh4 17. Bg2 Ne3 18. Bxe3 dxe3 19. Nc3 Ba6 20. Re1 Rad8 21. Nd5 e2 22. Rxe2 Bxe2 23. Qxe2 Bh6 24. Qf2 Bg5 25. Qxh4 Bxh4 26. Kf1 f6 27. Ke2 Kf7 28. Kf3 Rg8 29. Bf1 h5 30. h3 hxg4+ 31. hxg4 Rh8 32. Bc4 Bg5 33. Kg2 Kg7 34. Rh1 Rxh1 35. Kxh1 Bc1 36. b3 Rh8+ 1/2-1/2

[Event "BL2-Ost 1314"]
[Site "Germany"]
[Date "2014.01.18"]
[Round "9.6"]
[White "Paul, Mathias"]
[Black "Dehlinger, Alexander"]
[Result "1/2-1/2"]
[WhiteElo "2192"]
[BlackElo "2268"]
[PlyCount "34"]
[EventDate "2013.10.12"]
[EventType "team-tourn"]
[EventRounds "10"]
[EventCountry "GER"]
[SourceTitle "EXT 2015"]
[Source "ChessBase"]
[SourceDate "2014.11.20"]
[SourceVersion "1"]
[SourceVersionDate "2014.11.20"]
[SourceQuality "1"]
[WhiteTeam "Plauen Koenig"]
[BlackTeam "Garching"]
[WhiteTeamCountry "GER"]
[BlackTeamCountry "GER"]

1. Nf3 Nf6 2. g3 d5 3. Bg2 c6 4. 0-0 Bf5 5. d4 h6 6. b3 e6 7. Bb2 Be7 8. Nbd2 Nbd7 9. Ne5 0-0 10. Ndf3 Be4 11. c4 Rc8 12. Qd2 Bd6 13. Rfd1 Qe7 14. Nd3 Rfd8 15. c5 Bc7 16. b4 Re8 17. a4 Qd8 1/2-1/2

[Event "BL2-Ost 1011"]
[Site "Germany"]
[Date "2011.04.10"]
[Round "9.5"]
[White "Opitz, Alexander"]
[Black "Paul, Mathias"]
[Result "1-0"]
[WhiteElo "2278"]
[BlackElo "2182"]
[PlyCount "41"]
[EventDate "2010.10.10"]
[EventType "team-tourn"]
[EventRounds "9"]
[EventCountry "GER"]
[SourceTitle "EXT 2012"]
[Source "ChessBase"]
[SourceDate "2011.11.24"]
[SourceVersion "1"]
[SourceVersionDate "2011.11.24"]
[SourceQuality "1"]
[WhiteTeam "Bindlach"]
[BlackTeam "Koenig Plauen"]
[WhiteTeamCountry "GER"]
[BlackTeamCountry "GER"]

1. e4 c5 2. c3 d5 3. exd5 Qxd5 4. d4 Nf6 5. Nf3 Bg4 6. dxc5 Qxd1+ 7. Kxd1 Bxf3+ 8. gxf3 Nbd7 9. b4 g6 10. Kc2 Bg7 11. Bb2 0-0 12. Nd2 Nd5 13. Bd3 Rfd8 14. Rhd1 Be5 15. Be4 N7f6 16. h4 Rac8 17. Nc4 Bb8 18. Kb3 b6 19. cxb6 axb6 20. Bxd5 Nxd5 21. Rxd5 1-0

[Event "BL2-Ost 0708"]
[Site "Germany"]
[Date "2008.01.20"]
[Round "5.6"]
[White "Paul, Mathias"]
[Black "Vasilevich, Tatjana"]
[Result "0-1"]
[WhiteElo "2194"]
[BlackElo "2368"]
[PlyCount "86"]
[EventDate "2007.10.21"]
[EventType "team-tourn"]
[EventRounds "9"]
[EventCountry "GER"]
[SourceTitle "EXT 2009"]
[Source "ChessBase"]
[SourceDate "2008.11.26"]
[SourceVersion "1"]
[SourceVersionDate "2008.11.26"]
[SourceQuality "1"]
[WhiteTeam "Koenig Plauen"]
[BlackTeam "Aue Nickelhuette"]
[WhiteTeamCountry "GER"]
[BlackTeamCountry "GER"]

1. Nf3 d5 2. g3 Nf6 3. Bg2 b5 4. d4 Bb7 5. 0-0 e6 6. Qd3 a6 7. a4 b4 8. Nbd2 Nbd7 9. c4 bxc3 10. bxc3 c5 11. Rd1 Rc8 12. Ne5 Nxe5 13. dxe5 Nd7 14. f4 c4 15. Qc2 Bc5+ 16. Kh1 Qc7 17. Nf3 0-0 18. Ng5 g6 19. h4 Kg7 20. h5 Be7 21. Nh3 Nc5 22. Bf3 Nb3 23. Rb1 Bc5 24. Rxb3 cxb3 25. Qd2 d4 26. cxd4 Bxf3+ 27. exf3 Bxd4 28. f5 Qxe5 29. Qh6+ Kh8 30. hxg6 Qg7 31. Rxd4 Rxc1+ 32. Qxc1 Qxd4 33. Qa3 Rb8 34. gxf7 Qf6 35. Qd6 Rd8 36. Qxe6 Qxe6 37. fxe6 Kg7 38. Ng5 b2 39. e7 b1Q+ 40. Kg2 Rd2+ 41. Kh3 Qf5+ 42. g4 Qxf7 43. e8N+ Qxe8 0-1

[Event "BL2-Ost 0708"]
[Site "Germany"]
[Date "2007.11.04"]
[Round "2.7"]
[White "Gempe, Thomas"]
[Black "Paul, Mathias"]
[Result "1-0"]
[WhiteElo "2288"]
[BlackElo "2194"]
[PlyCount "55"]
[EventDate "2007.10.21"]
[EventType "team-tourn"]
[EventRounds "9"]
[EventCountry "GER"]
[SourceTitle "EXT 2009"]
[Source "ChessBase"]
[SourceDate "2008.11.26"]
[SourceVersion "1"]
[SourceVersionDate "2008.11.26"]
[SourceQuality "1"]
[WhiteTeam "Leipzig Mitte"]
[BlackTeam "Koenig Plauen"]
[WhiteTeamCountry "GER"]
[BlackTeamCountry "GER"]

1. d4 Nf6 2. c4 g6 3. Nc3 d5 4. cxd5 Nxd5 5. e4 Nxc3 6. bxc3 Bg7 7. Nf3 c5 8. Rb1 0-0 9. Be2 cxd4 10. cxd4 Qa5+ 11. Bd2 Qxa2 12. 0-0 Bg4 13. Rxb7 Rd8 14. d5 Rd7 15. Qb1 Qxb1 16. Rbxb1 Bxf3 17. gxf3 Nc6 18. Ba6 Nd4 19. Kg2 e6 20. Bb7 Rb8 21. Bc6 Rdd8 22. Ba5 Rxb1 23. Rxb1 Rc8 24. Bd7 Ra8 25. d6 Be5 26. Rd1 Nb3 27. Bc6 Rc8 28. d7 1-0

[Event "Oberliga Ost-A 0607"]
[Site "Germany"]
[Date "2007.04.01"]
[Round "9.7"]
[White "Paul, Mathias"]
[Black "Skibbe, Willi"]
[Result "1-0"]
[WhiteElo "2183"]
[BlackElo "2082"]
[PlyCount "59"]
[EventDate "2006.10.15"]
[EventType "team-tourn"]
[EventRounds "11"]
[EventCountry "GER"]
[SourceTitle "EXT 2008"]
[Source "ChessBase"]
[SourceDate "2007.11.25"]
[SourceVersion "1"]
[SourceVersionDate "2007.11.25"]
[SourceQuality "1"]
[WhiteTeam "Plauen Koenig"]
[BlackTeam "Liebschwitz"]
[WhiteTeamCountry "GER"]
[BlackTeamCountry "GER"]

1. d4 e6 2. Nf3 Nf6 3. Bf4 d5 4. e3 c5 5. c3 Qb6 6. Qb3 c4 7. Qc2 Ne4 8. Nbd2 f5 9. Nxe4 fxe4 10. Ne5 Nd7 11. Be2 Be7 12. 0-0 0-0 13. f3 exf3 14. Rxf3 Nxe5 15. Bxe5 Rxf3 16. Bxf3 Bd7 17. e4 Bc6 18. Bg4 Be8 19. Qe2 Bf8 20. exd5 exd5 21. Rf1 Bg6 22. Qf3 Qc6 23. h4 Be7 24. Qh3 Rd8 25. Be6+ Kh8 26. Qg4 Rf8 27. Rxf8+ Bxf8 28. Qf3 Qxe6 29. Qxf8+ Qg8 30. Bxg7# 1-0

[Event "Oberliga Ost-A 0607"]
[Site "Germany"]
[Date "2006.11.19"]
[Round "3.8"]
[White "Paul, Mathias"]
[Black "Gempe, Anet"]
[Result "1-0"]
[WhiteElo "2183"]
[BlackElo "2104"]
[PlyCount "81"]
[EventDate "2006.10.15"]
[EventType "team-tourn"]
[EventRounds "11"]
[EventCountry "GER"]
[SourceTitle "EXT 2008"]
[Source "ChessBase"]
[SourceDate "2007.11.25"]
[SourceVersion "1"]
[SourceVersionDate "2007.11.25"]
[SourceQuality "1"]
[WhiteTeam "Plauen Koenig"]
[BlackTeam "Leipzig Mitte II"]
[WhiteTeamCountry "GER"]
[BlackTeamCountry "GER"]

1. Nf3 Nf6 2. g3 e6 3. Bg2 Be7 4. d4 0-0 5. c4 d5 6. Qc2 c6 7. 0-0 Nbd7 8. Nbd2 Re8 9. b3 Nf8 10. Bb2 Ng6 11. Rad1 Qa5 12. a4 Qc7 13. e4 dxe4 14. Nxe4 Nxe4 15. Qxe4 Bf6 16. h4 Bd7 17. Ng5 Nf8 18. Qc2 Rad8 19. Ne4 Be7 20. Qc3 f6 21. c5 Bc8 22. f4 Rd7 23. h5 h6 24. g4 Rd5 25. Ng3 Rdd8 26. Qf3 Qd7 27. Ne4 e5 28. dxe5 Qxg4 29. exf6 Qxf3 30. Bxf3 gxf6 31. Bxf6 Rxd1 32. Rxd1 Kf7 33. Bxe7 Kxe7 34. f5 Nd7 35. Rd6 Nxc5 36. f6+ Kf7 37. Nxc5 Rg8+ 38. Kf2 Rg5 39. Ne4 Rf5 40. Ke3 Re5 41. Rd8 1-0

[Event "Oberliga Ost-A 0607"]
[Site "Germany"]
[Date "2006.10.15"]
[Round "1.6"]
[White "Paul, Mathias"]
[Black "Haertig, Jens"]
[Result "1/2-1/2"]
[WhiteElo "2183"]
[BlackElo "2151"]
[PlyCount "43"]
[EventDate "2006.10.15"]
[EventType "team-tourn"]
[EventRounds "11"]
[EventCountry "GER"]
[SourceTitle "EXT 2008"]
[Source "ChessBase"]
[SourceDate "2007.11.25"]
[SourceVersion "1"]
[SourceVersionDate "2007.11.25"]
[SourceQuality "1"]
[WhiteTeam "Plauen Koenig"]
[BlackTeam "Naumburg"]
[WhiteTeamCountry "GER"]
[BlackTeamCountry "GER"]

1. d4 Nf6 2. c4 g6 3. Nc3 Bg7 4. e4 d6 5. h3 Nbd7 6. Bg5 0-0 7. Bd3 c5 8. d5 Ne5 9. Nf3 Nxd3+ 10. Qxd3 a6 11. 0-0 b5 12. Nd2 b4 13. Ne2 h6 14. Be3 e6 15. dxe6 Bxe6 16. Rad1 Qb6 17. f4 Bc8 18. f5 gxf5 19. exf5 Bb7 20. Nf4 Rfe8 21. Nf3 Rad8 22. Nd5 1/2-1/2

[Event "BL2-Ost 0405"]
[Site "Germany"]
[Date "2005.04.10"]
[Round "9.7"]
[White "Paul, Mathias"]
[Black "Delitzsch, Juergen"]
[Result "1-0"]
[WhiteElo "2135"]
[BlackElo "2235"]
[PlyCount "76"]
[EventDate "2004.10.24"]
[EventType "team-tourn"]
[EventRounds "9"]
[EventCountry "GER"]
[SourceTitle "EXT 2007"]
[Source "ChessBase"]
[SourceDate "2006.11.23"]
[SourceVersion "1"]
[SourceVersionDate "2006.11.23"]
[SourceQuality "1"]
[WhiteTeam "Koenig Plauen"]
[BlackTeam "Bindlach"]
[WhiteTeamCountry "GER"]
[BlackTeamCountry "GER"]

1. d4 Nf6 2. c4 g6 3. Nc3 Bg7 4. e4 d6 5. h3 0-0 6. Bg5 c5 7. d5 h6 8. Be3 e6 9. Bd3 exd5 10. exd5 a6 11. Qd2 Kh7 12. a4 Nbd7 13. f4 Re8 14. Nf3 Nh5 15. 0-0 Ng3 16. Rfe1 Nf6 17. Bf2 Nf5 18. g4 Ne7 19. Bh4 Bd7 20. Re2 Nc8 21. Ne5 dxe5 22. fxe5 Ne4 23. Nxe4 Qxh4 24. Rf1 Rxe5 25. Rxf7 Rxe4 26. Bxe4 Be8 27. Bxg6+ Kxg6 28. Rf3 Bd4+ 29. Kg2 Bd7 30. Qf4 Qf6 31. Qe4+ Kg7 32. Rxf6 Bxf6 33. Qf4 b6 34. Rf2 Be7 35. Qf7+ Kh8 36. Rf6 Bxf6 37. Qxf6+ Kh7 38. Qf7+ Kh8 1-0